| 000 | 00955cam a22003017a 4500 | ||
|---|---|---|---|
| 003 | CHAP | ||
| 005 | 20220329142252.0 | ||
| 008 | 000413d1997 us a r 00110 eng d | ||
| 010 | _a80838 | ||
| 011 | _a81810 | ||
| 020 | _a0881923842 | ||
| 035 | _a92291 | ||
| 040 | _cCHAP | ||
| 082 | 0 | 4 |
_a635.944 _bM3 |
| 100 | 0 | 0 |
_aMathew, Brian. _972998 |
| 245 | 1 | 0 |
_aGrowing bulbs : _bthe complete practical guide _c/by Brian Mathew |
| 260 |
_aOregon : _bTimber Press, _c1997. |
||
| 300 |
_a156 p. : _bilus. |
||
| 590 |
_aBATCH-UPD _b10 _c20130110 _lUCH01 _h1506 |
||
| 590 |
_aCONVERSION _b10 _c20130109 _lUCH01 _h1345 |
||
| 650 | 1 | 4 |
_aBulbos y tuberosas. _916021 |
| 650 | 1 | 4 |
_aFloricultura. _941822 |
| 901 | _aBK | ||
| 905 | _aGuadalupe Pinto C. | ||
| 942 | _cLIBRO | ||
| 949 |
_a635.944 M3 _bBC _cLIBRO _d33724000757480 _eLIBRO _gI. 203128 _h97753 _i92291 _si _t$458.00 |
||
| 949 |
_a635.944 M3 _bBC _cLIBRO _d33724000847455 _eLIBRO _fc.2 _gI. c/e _h101973 _i92291 _si _t$400.00 |
||
| 999 |
_c80838 _d80838 |
||